| 000 | 00538nam a2200181 a 4500 | ||
|---|---|---|---|
| 003 | PILC | ||
| 005 | 20150112093444.0 | ||
| 008 | 100727s19uu xx 00 eng d | ||
| 050 |
_aHD 4901 _b.D326 1996 |
||
| 082 |
_aSFf 331 _bD34 1996 |
||
| 100 |
_aDejillas, Leopoldo J. _921516 |
||
| 245 |
_aLabor economics / _cLeopoldo J. Dejillas |
||
| 260 |
_aQuezon City, Philippines : _bPhoenix Publishing House, Inc, _c1996. |
||
| 300 |
_a305 pages : _c19 cm. |
||
| 650 |
_aEconomics _97586 |
||
| 650 |
_aLabor economics _921517 |
||
| 942 |
_2lcc _cBK |
||
| 999 |
_c14850 _d14850 |
||